000 00306nam a22001337a 4500
008 170220b xxu||||| |||| 00| 0 eng d
020 _a9780721694382
041 _aeng
080 _a615
100 _a5
101 _aSHF
245 _aPHARAMCY TECHNICIANC PRINCIPLES PRACTICE
_cT..HOPPER
942 _2udc
_cBK
999 _c5900
_d5900